<?xml version="1.0" encoding="UTF-8"?>
<record
    xmlns:xsi="http://www.w3.org/2001/XMLSchema-instance"
    xsi:schemaLocation="http://www.loc.gov/MARC21/slim http://www.loc.gov/standards/marcxml/schema/MARC21slim.xsd"
    xmlns="http://www.loc.gov/MARC21/slim">

  <leader>02557nam0a2200385   4500</leader>
  <controlfield tag="001">RU\NLR\BIBL_A\011540689</controlfield>
  <controlfield tag="005">20250630155416.0</controlfield>
  <datafield tag="010" ind1=" " ind2=" ">
    <subfield code="a">978-5-7422-5780-6</subfield>
    <subfield code="9">100</subfield>
  </datafield>
  <datafield tag="021" ind1=" " ind2=" ">
    <subfield code="a">RU</subfield>
    <subfield code="b">2017-83631</subfield>
    <subfield code="9">5968</subfield>
  </datafield>
  <datafield tag="035" ind1=" " ind2=" ">
    <subfield code="a">(NLR Aleph) 011540689</subfield>
  </datafield>
  <datafield tag="035" ind1=" " ind2=" ">
    <subfield code="a">(RuMoRGB)009445013</subfield>
  </datafield>
  <datafield tag="090" ind1=" " ind2=" ">
    <subfield code="a">12193410</subfield>
    <subfield code="c">12193410</subfield>
  </datafield>
  <datafield tag="100" ind1=" " ind2=" ">
    <subfield code="a">20171128d2017    |||y0rusy50      ca</subfield>
  </datafield>
  <datafield tag="101" ind1="0" ind2=" ">
    <subfield code="a">rus</subfield>
    <subfield code="a">eng</subfield>
  </datafield>
  <datafield tag="102" ind1=" " ind2=" ">
    <subfield code="a">RU</subfield>
  </datafield>
  <datafield tag="105" ind1=" " ind2=" ">
    <subfield code="a">y   z   100zy</subfield>
  </datafield>
  <datafield tag="200" ind1="1" ind2=" ">
    <subfield code="a">&#x41D;&#x43E;&#x432;&#x43E;&#x435; &#x43D;&#x430;&#x43F;&#x440;&#x430;&#x432;&#x43B;&#x435;&#x43D;&#x438;&#x435; &#x432; &#x43B;&#x430;&#x43D;&#x434;&#x448;&#x430;&#x444;&#x442;&#x43D;&#x43E;&#x439; &#x430;&#x440;&#x445;&#x438;&#x442;&#x435;&#x43A;&#x442;&#x443;&#x440;&#x435; (&#x434;&#x438;&#x437;&#x430;&#x439;&#x43D;, &#x43F;&#x43B;&#x430;&#x43D;&#x438;&#x440;&#x43E;&#x432;&#x430;&#x43D;&#x438;&#x435; &#x438; &#x443;&#x43F;&#x440;&#x430;&#x432;&#x43B;&#x435;&#x43D;&#x438;&#x435;)</subfield>
    <subfield code="e">Three pillars of landscape architecture: design, planning and management. New visions</subfield>
    <subfield code="e">&#x441;&#x431;&#x43E;&#x440;&#x43D;&#x438;&#x43A; &#x442;&#x440;&#x443;&#x434;&#x43E;&#x432; &#x43C;&#x435;&#x436;&#x434;&#x443;&#x43D;&#x430;&#x440;&#x43E;&#x434;&#x43D;&#x43E;&#x439; &#x43A;&#x43E;&#x43D;&#x444;&#x435;&#x440;&#x435;&#x43D;&#x446;&#x438;&#x438; ["&#x41B;&#x430;&#x43D;&#x434;&#x448;&#x430;&#x444;&#x442;&#x43D;&#x44B;&#x439; &#x434;&#x438;&#x437;&#x430;&#x439;&#x43D; &#x433;&#x43E;&#x440;&#x43E;&#x434;&#x430;"], &#x421;&#x430;&#x43D;&#x43A;&#x442;-&#x41F;&#x435;&#x442;&#x435;&#x440;&#x431;&#x443;&#x440;&#x433;, 7-8 &#x438;&#x44E;&#x43D;&#x44F; 2017 &#x433;&#x43E;&#x434;&#x430;</subfield>
    <subfield code="f">Saint-Petersburg state forest technical university, City of Saint-Petersburg, Swedish university of agricultural sciences, Uppsala, Sweden</subfield>
    <subfield code="g">[&#x440;&#x435;&#x434;&#x430;&#x43A;&#x442;&#x43E;&#x440;&#x44B;: &#x41C;&#x430;&#x440;&#x438;&#x44F; &#x418;&#x433;&#x43D;&#x430;&#x442;&#x44C;&#x435;&#x432;&#x430;, &#x418;&#x440;&#x438;&#x43D;&#x430; &#x41C;&#x435;&#x43B;&#x44C;&#x43D;&#x438;&#x447;&#x443;&#x43A;]</subfield>
    <subfield code="z">eng</subfield>
  </datafield>
  <datafield tag="210" ind1=" " ind2=" ">
    <subfield code="a">Saint-Petersburg</subfield>
    <subfield code="c">Politechnic university publishing house</subfield>
    <subfield code="d">2017</subfield>
  </datafield>
  <datafield tag="215" ind1=" " ind2=" ">
    <subfield code="a">191 &#x441;.</subfield>
    <subfield code="d">29</subfield>
  </datafield>
  <datafield tag="300" ind1=" " ind2=" ">
    <subfield code="a">&#x422;&#x435;&#x43A;&#x441;&#x442; &#x440;&#x443;&#x441;., &#x430;&#x43D;&#x433;&#x43B;.</subfield>
  </datafield>
  <datafield tag="510" ind1="1" ind2=" ">
    <subfield code="a">Three pillars of landscape architecture: design, planning and management. New visions</subfield>
    <subfield code="z">eng</subfield>
  </datafield>
  <datafield tag="606" ind1="1" ind2=" ">
    <subfield code="a">&#x421;&#x430;&#x434;&#x43E;&#x432;&#x43E;-&#x43F;&#x430;&#x440;&#x43A;&#x43E;&#x432;&#x430;&#x44F; &#x430;&#x440;&#x445;&#x438;&#x442;&#x435;&#x43A;&#x442;&#x443;&#x440;&#x430;</subfield>
    <subfield code="j">&#x421;&#x44A;&#x435;&#x437;&#x434;&#x44B;, &#x441;&#x43E;&#x432;&#x435;&#x449;&#x430;&#x43D;&#x438;&#x44F; &#x438; &#x442;.&#x43F;</subfield>
    <subfield code="9">1023214</subfield>
    <subfield code="3">RU\NLR\AUTH\6673621</subfield>
  </datafield>
  <datafield tag="606" ind1="1" ind2=" ">
    <subfield code="a">&#x413;&#x43E;&#x440;&#x43E;&#x434;&#x430;</subfield>
    <subfield code="j">&#x421;&#x44A;&#x435;&#x437;&#x434;&#x44B;, &#x441;&#x43E;&#x432;&#x435;&#x449;&#x430;&#x43D;&#x438;&#x44F; &#x438; &#x442;.&#x43F;</subfield>
    <subfield code="x">&#x41E;&#x437;&#x435;&#x43B;&#x435;&#x43D;&#x435;&#x43D;&#x438;&#x435;</subfield>
    <subfield code="9">934672</subfield>
    <subfield code="3">RU\NLR\AUTH\6626197</subfield>
  </datafield>
  <datafield tag="686" ind1="1" ind2=" ">
    <subfield code="a">&#x429;118.72&#x44F;431</subfield>
  </datafield>
  <datafield tag="686" ind1="1" ind2=" ">
    <subfield code="a">&#x41F;271.1&#x44F;431(0)</subfield>
  </datafield>
  <datafield tag="702" ind1=" " ind2="1">
    <subfield code="4">340</subfield>
    <subfield code="7">ca</subfield>
    <subfield code="8">rus</subfield>
    <subfield code="a">&#x418;&#x433;&#x43D;&#x430;&#x442;&#x44C;&#x435;&#x432;&#x430;</subfield>
    <subfield code="b">&#x41C;. &#x415;.</subfield>
    <subfield code="c">&#x43A;&#x430;&#x43D;&#x434;. &#x431;&#x438;&#x43E;&#x43B;. &#x43D;&#x430;&#x443;&#x43A;, &#x43B;&#x430;&#x43D;&#x434;&#x448;&#x430;&#x444;&#x442;. &#x430;&#x440;&#x445;&#x438;&#x442;&#x435;&#x43A;&#x442;&#x43E;&#x440;</subfield>
    <subfield code="g">&#x41C;&#x430;&#x440;&#x438;&#x44F; &#x415;&#x432;&#x433;&#x435;&#x43D;&#x44C;&#x435;&#x432;&#x43D;&#x430;</subfield>
    <subfield code="9">153802</subfield>
    <subfield code="3">RU\NLR\AUTH\770153840</subfield>
  </datafield>
  <datafield tag="702" ind1=" " ind2="1">
    <subfield code="a">&#x41C;&#x435;&#x43B;&#x44C;&#x43D;&#x438;&#x447;&#x443;&#x43A;</subfield>
    <subfield code="b">&#x418;. &#x410;.</subfield>
    <subfield code="g">&#x418;&#x440;&#x438;&#x43D;&#x430; &#x410;&#x43B;&#x44C;&#x431;&#x435;&#x440;&#x442;&#x43E;&#x432;&#x43D;&#x430;</subfield>
    <subfield code="4">340</subfield>
  </datafield>
  <datafield tag="711" ind1="1" ind2="2">
    <subfield code="a">"&#x41B;&#x430;&#x43D;&#x434;&#x448;&#x430;&#x444;&#x442;&#x43D;&#x44B;&#x439; &#x434;&#x438;&#x437;&#x430;&#x439;&#x43D; &#x433;&#x43E;&#x440;&#x43E;&#x434;&#x430;", &#x43C;&#x435;&#x436;&#x434;&#x443;&#x43D;&#x430;&#x440;&#x43E;&#x434;&#x43D;&#x430;&#x44F; &#x43A;&#x43E;&#x43D;&#x444;&#x435;&#x440;&#x435;&#x43D;&#x446;&#x438;&#x44F;</subfield>
    <subfield code="e">&#x421;&#x430;&#x43D;&#x43A;&#x442;-&#x41F;&#x435;&#x442;&#x435;&#x440;&#x431;&#x443;&#x440;&#x433;</subfield>
    <subfield code="f">2017</subfield>
    <subfield code="9">580194</subfield>
    <subfield code="3">RU\NLR\AUTH\880458604</subfield>
  </datafield>
  <datafield tag="712" ind1="0" ind2="1">
    <subfield code="4">557</subfield>
    <subfield code="a">&#x421;&#x430;&#x43D;&#x43A;&#x442;-&#x41F;&#x435;&#x442;&#x435;&#x440;&#x431;&#x443;&#x440;&#x433;</subfield>
    <subfield code="b">&#x41A;&#x43E;&#x43C;&#x438;&#x442;&#x435;&#x442; &#x43F;&#x43E; &#x433;&#x440;&#x430;&#x434;&#x43E;&#x441;&#x442;&#x440;&#x43E;&#x438;&#x442;&#x435;&#x43B;&#x44C;&#x441;&#x442;&#x432;&#x443; &#x438; &#x430;&#x440;&#x445;&#x438;&#x442;&#x435;&#x43A;&#x442;&#x443;&#x440;&#x435;</subfield>
    <subfield code="9">580187</subfield>
    <subfield code="3">RU\NLR\AUTH\880458601</subfield>
  </datafield>
  <datafield tag="942" ind1=" " ind2=" ">
    <subfield code="c">BOOK</subfield>
  </datafield>
  <datafield tag="980" ind1=" " ind2=" ">
    <subfield code="a">NBR</subfield>
  </datafield>
  <datafield tag="980" ind1=" " ind2=" ">
    <subfield code="a">NB</subfield>
  </datafield>
</record>
